Catálogo
 En Linea

Secretarial procedures and administration / (Registro nro. 22700)

Detalles MARC
000 -CABECERA
campo de control de longitud fija 00761nam a2200217 u 4500
001 - NÚMERO DE CONTROL
campo de control 000023203
005 - FECHA Y HORA DE LA ÚLTIMA TRANSACCIÓN
campo de control 20200930022045.0
008 - DATOS DE LONGITUD FIJA--INFORMACIÓN GENERAL
campo de control de longitud fija 101130s1983 xxua r 001 0 spa d
020 ## - NÚMERO INTERNACIONAL ESTÁNDAR DEL LIBRO
Número Internacional Estándar del Libro 053811780x
040 ## - FUENTE DE LA CATALOGACIÓN
Centro catalogador/agencia de origen DO-SdBNP
Lengua de catalogación spa
Centro/agencia transcriptor BNPHU
082 ## - NÚMERO DE LA CLASIFICACIÓN DECIMAL DEWEY
Número de clasificación XXX
Número de documento/Ítem S446p, 1983
049 ## - FONDOS LOCALES (OCLC)
Fondos de biblioteca BNGR
245 00 - MENCIÓN DE TÍTULO
Título Secretarial procedures and administration /
Mención de responsabilidad, etc. Prólogo de Estelle L. Popham, Rita Sloan Tilton, J. Howard Jackson y J. Marshall Hanna.
250 ## - MENCIÓN DE EDICIÓN
Mención de edición 8a ed.
260 ## - PUBLICACIÓN, DISTRIBUCIÓN, ETC.
Lugar de publicación, distribución, etc. Cincinnati :
Nombre del editor, distribuidor, etc. Sout-Western Publishing Co.,
Fecha de publicación, distribución, etc. 1983.
300 ## - DESCRIPCIÓN FÍSICA
Extensión vi, 774 p. :
Otras características físicas il. ;
Dimensiones 24.
700 1# - PUNTO DE ACCESO ADICIONAL--NOMBRE DE PERSONA
Nombre de persona Popham, Estelle L.,
Término indicativo de función/relación pról.
9 (RLIN) 47763
700 1# - PUNTO DE ACCESO ADICIONAL--NOMBRE DE PERSONA
Nombre de persona Sloan Tilton, Rita,
Término indicativo de función/relación pról.
9 (RLIN) 47764
700 1# - PUNTO DE ACCESO ADICIONAL--NOMBRE DE PERSONA
Nombre de persona Jackson, J. Howard,
Término indicativo de función/relación pról.
9 (RLIN) 47765
700 1# - PUNTO DE ACCESO ADICIONAL--NOMBRE DE PERSONA
Nombre de persona Hanna, J. Marshall,
Término indicativo de función/relación pról.
9 (RLIN) 47766
Existencias
Estado de retiro Estado de pérdida Restricciones de uso No para préstamo Código de colección Localización permanente Ubicación/localización actual Ubicación en estantería Fecha de adquisición Número de inventario Total de préstamos Signatura topográfica completa Código de barras Fecha visto por última vez Precio válido a partir de Tipo de ítem Koha Número de copia
    Préstamo interno   Monografías: Libros y Folletos General General En catalogación 30.11.2010 LF1   XXX S446p, 1983 23203-10 25.06.2020 25.06.2020 Préstamo interno  
    Préstamo interno Préstamo restrigido Monografías: Libros y Folletos General General En catalogación 27.01.2011 LF1   XXX S446p, 1983 23203-20 25.06.2020 25.06.2020 Préstamo interno e. 2

Con tecnología Koha